Reasoning Guru 2.0/ (Record no. 214009)
[ view plain ]
| 000 -LEADER | |
|---|---|
| fixed length control field | 00703nam a22002057a 4500 |
| 005 - DATE AND TIME OF LATEST TRANSACTION | |
| control field | 20260105114220.0 |
| 010 ## - LCCN (DPL NO) | |
| LC control number | ENG-147382 |
| 020 ## - INTERNATIONAL STANDARD BOOK NUMBER | |
| International Standard Book Number | 9789364688635 |
| Terms of availability | 700.00 |
| 035 ## - SYSTEM CONTROL NUMBER | |
| System control number | EN-130914 |
| 037 ## - SOURCE OF ACQUISITION | |
| Source of stock number/acquisition | DBAD |
| 082 ## - DEWEY DECIMAL CLASSIFICATION NUMBER | |
| Classification number | 000 |
| Edition number | 1 |
| 100 ## - MAIN ENTRY--PERSONAL NAME | |
| Personal name | Vikramjit |
| 245 ## - TITLE STATEMENT | |
| Title | Reasoning Guru 2.0/ |
| Statement of responsibility, etc | Vikramjit |
| 250 ## - EDITION STATEMENT | |
| Edition statement | 1 |
| 260 ## - PUBLICATION, DISTRIBUTION, ETC. (IMPRINT) | |
| Place of publication, distribution, etc | New Delhi |
| Name of publisher, distributor, etc | S Chand and Company Limited |
| Date of publication, distribution, etc | 2026 |
| 270 ## - ADDRESS | |
| Address | A-27, 2nd Floor, Mohan Co-operative Industrial Estate |
| City | New Delhi |
| Postal code | 110044 |
| Electronic mail address | info@schandpublishing.com |
| Telephone number | 011-49731800 |
| 300 ## - PHYSICAL DESCRIPTION | |
| Extent | 736p. |
| Dimensions | 26cm(pb) |
| 500 ## - GENERAL NOTE | |
| General note | Verbal & Non-Verbal Reasoning With Latest TCS MCQs | 6500+ PYQs | Bilingual Edition 2025 |
| 942 ## - ADDED ENTRY ELEMENTS (KOHA) | |
| Source of classification or shelving scheme | Dewey Decimal Classification |
| Item type | English Books |
| Classification part | 000 |
| Call number suffix | VIK |
| Withdrawn status | Lost status | Not for loan | Collection code | Home library | Current library | Date acquired | Source of acquisition | Cost, normal purchase price | Full call number | Barcode | Copy number | Cost, replacement price | Koha item type |
|---|---|---|---|---|---|---|---|---|---|---|---|---|---|
| Non-fiction | Janak Puri | Janak Puri | 05/01/2026 | Delivery of Books Act Division | 700.00 | 000 VIK | EN-130914 | 1 | 700.00 | English Books |
